Представление документа в формате RUSMARC

ПолеНазваниеЗначение
  Тип записи a
  Библиографический уровень m
001 Контрольный номер 63bd64f7f84d4ed4a5b51e3242b1f82b
005 Дата корректировки 20140526192808.5
200 Заглавие и сведения об ответственности __
a Заглавие Тарифно-квалификационные характеристики по должностям служащих
e Сведения, относящиеся к заглавию Комментарий к КЗот
210 Выходные данные __
a Место издания М.
c Издательство ИНФРА-М:НОРМА
d Дата издания 1998
215 Физическое описание __
a Объем 107
300 Общие примечания __
a Общие примечания 5 экз.
610 Ключевые слова __
a Ключевые слова экономика труда
686 Индексы других классификаций __
a Классификационный индекс 65.9(2)24
2 Код системы rubbk
686 Индексы других классификаций __
a Классификационный индекс 65.9(2)245.6
2 Код системы rubbk
801 Источник записи _0
a Страна RU
b Организация РУК
c Дата составления 20010614
g Правила каталогизации PSBO
801 Источник записи _1
a Страна RU
b Организация РУК
c Дата составления 20010614
g Правила каталогизации PSBO
852 Данные о местонахождении __
i Авторский знак Т19
j Шифр хранения 65.9(2)245.6
901 Тип документа __
t Тип документа m
938 Служебная информация __
a Название организации Головной вуз
b Имя БД BOOK
c Название АИБС АИБС ИРБИС